Märchen Bilderquiz (leicht) - Statistiken

Allgemein
  • Dieses Quiz wurde 200 mal gespielt
  • Das Durchschnittsergebnis liegt bei 16 aus 20
Antwortstatistiken
Bildquiz Antwort % Korrekt
Frau Holle
97%
Der Froschkönig
96%
Dornröschen
95%
Rapunzel
95%
Rotkäppchen und der böse Wolf
93%
Hänsel und Gretel
92%
Der gestiefelte Kater
91%
Schneewittchen und die sieben Zwerge
91%
Rumpelstilzchen
89%
Aschenputtel
88%
Die Bremer Stadtmusikanten
88%
Die Prinzessin auf der Erbse
82%
Tischlein deck dich
76%
Hans im Glück
75%
Sterntaler
64%
Die kleine Meerjungfrau
60%
Schneeweißchen und Rosenrot
56%
Die Schneekönigin
52%
Brüderchen und Schwesterchen
36%
Das tapfere Schneiderlein
35%
Keine übereinstimmenden Quizze gefunden
Verteilung der Resultate
Anzahl Personen mit jedem Resultat
Perzentil nach korrekt beantworteten Fragen
Ihre Resultats-Entwicklung
Sie haben dieses Quiz noch nicht gespielt